000 00836nam a22002057a 4500
999 _c14458
_d14458
003 AR-CdUCM
008 190423b ||||| |||| 00| 0 spa d
040 _aMUNICIPALIDAD PROVINCIAL DEL CUSCO
_cBIBLIOTECA MUNICIPAL DEL CUSCO
082 _aC / 581 /
_bM26
100 _aMarin M, Felipe
_933248
245 _aApuntes sobre los nombres quechuas de los biotipos, formaciones y asociaciones vegetales /
260 _aCuzco :
_bGarcilaso,
_c1968.
300 _a19 paginas :
_c18.5 cm.
505 _aContenido : Apuntes sobre los nombres quechuas de los biotipos, formaciones y asociaciones vegetales -- Objetos del trabajo -- Los nombres biotipicos o clasificación biotipica -- Biotipo I ...
650 _aBiología
_9881
650 _aPlantas
_919530
650 _aQuechua
_92063
942 _2ddc
_cLIBROS
945 _aacrt
_d27/04/2019